El Proceso

Zapisane w:
Opis bibliograficzny
1. autor: Kafka, Franz (Autor)
Format: Książka
Język:hiszpański
Wydane: Ciudad de México Editores Mexicanos Unidos 1985
Wydanie:5a. ed
Hasła przedmiotowe:
Etykiety: Dodaj etykietę
Nie ma etykietki, Dołącz pierwszą etykiete!

MARC

LEADER 00000cam a2200000 a 4500
001 UCE8725
003 CL-VaPUC
008 150827e19850000mx |||||||||||||||||spa|d
020 |a 968150083 
082 0 4 |a 891.8603  |b KAF  |2 21 
100 |a Kafka, Franz   |e author  |9 266293 
245 1 3 |a El Proceso 
250 |a 5a. ed 
300 |a 279 p 
942 |c BK 
945 |d 20150827 16:13:00  |a gsalatino 
260 |a Ciudad de México  |b Editores Mexicanos Unidos  |c 1985 
650 0 |a  Novelas checoslovacas  |9 265635 
583 |a last modification  |c 20171207 04:55:30  |k Rodrigo Vera 
999 |c 360504  |d 360502 
952 |0 0  |1 0  |3 erb  |4 0  |6 891_860300000000000_KAF_1985  |7 0  |8 A  |9 470340  |a BIBEDU  |b BIBEDU  |e Valenzuela Fuenzalida, Alvaro Miguel, 1932-  |i 5203325  |l 1  |o 891.8603 KAF 1985  |p 5203325  |r 2022-03-09  |s 2022-03-04  |w 2019-11-23  |y BK  |z Catalogado en:20150827  |k LIT